Leadership (Record no. 540716)
[ view plain ]
| 000 -LEADER | |
|---|---|
| fixed length control field | 00530nam a22001577a 4500 |
| 020 ## - INTERNATIONAL STANDARD BOOK NUMBER | |
| Qualifying information | Hard Cover. |
| 082 ## - DEWEY DECIMAL CLASSIFICATION NUMBER | |
| Classification number | 004 |
| 100 ## - MAIN ENTRY--PERSONAL NAME | |
| Personal name | Riazat, Ehtesham ; Shahid, Gul Waqas ; Khan, Sohaib and Shoukat, USman. |
| 245 ## - TITLE STATEMENT | |
| Title | Leadership |
| Statement of responsibility, etc. | Ehtesham Riazat and Usman Shoukat. |
| 260 ## - PUBLICATION, DISTRIBUTION, ETC. | |
| Place of publication, distribution, etc. | Islamabad: |
| Name of publisher, distributor, etc. | SEECS - NUST, |
| 300 ## - PHYSICAL DESCRIPTION | |
| Extent | 31 p. : |
| Other physical details | ill. ; |
| Dimensions | 30cm. |
| 700 ## - ADDED ENTRY--PERSONAL NAME | |
| Personal name | Mohammad Yousaf |
| 856 ## - Uniform Resource Identifier | |
| Uniform Resource Identifier | <a href="http://10.250.8.41:8080/xmlui/handle/123456789/29047">http://10.250.8.41:8080/xmlui/handle/123456789/29047</a> |
| 942 ## - ADDED ENTRY ELEMENTS (KOHA) | |
| Source of classification or shelving scheme | |
| Koha item type | Project Report |
| 700 ## - ADDED ENTRY--PERSONAL NAME | |
| -- | 34879 |
| Withdrawn status | Lost status | Source of classification or shelving scheme | Damaged status | Not for loan | Permanent Location | Current Location | Shelving location | Date acquired | Full call number | Barcode | Date last seen | Price effective from | Koha item type |
|---|---|---|---|---|---|---|---|---|---|---|---|---|---|
| WITHDRAWN | Central Library (CL) | Central Library (CL) | Thesis | 11/04/2020 | 004 | CL-BP-658 | 11/04/2020 | 11/04/2020 | Project Report |
